Films se déroulant à Rome par images - Statistiques

Statistiques générales
  • Ce quiz a été pris 7 536 fois
    7 099 depuis la dernière actualisation
  • Le résultat moyen est 7 sur 16
Statistiques - réponses
Par images Réponse % Correct
Astérix et la Surprise de César
99%
OSS 117 : Le Caire, nid d'espions
84%
007 Spectre
82%
Gladiator
82%
Madagascar 3 : Bons Baisers d'Europe
61%
Mission: Impossible III
56%
John Wick 2
54%
Spartacus
41%
Ben-Hur
32%
Fantômas se déchaîne
27%
La Dolce Vita
24%
Le Talentueux Mr Ripley
22%
Anges et démons
17%
Vacances romaines
12%
Le Voleur de bicyclette
8%
Il reste encore demain
6%
Aucun quiz correspondant
Distribution des résultats
% des personnes avec chaque résultat
Percentile par nombre de réponses
Votre historique - résultats
Vous n’avez pas pris ce quiz depuis la dernière actualisation